[Event "Tradewise Gibraltar Chess Festival 2013"]
[Site "Gibraltar ENG"]
[Date "2013.01.31"]
[Round "10.21"]
[White "Omar, Noaman"]
[Black "Maze, Sebastien"]
[Result "1/2-1/2"]
[WhiteElo "2314"]
[BlackElo "2546"]
[PlyCount "108"]
[EventDate "2013.01.22"]
[EventType "swiss"]
[EventRounds "10"]
[EventCountry "ENG"]
[Source "lmi"]
[SourceDate "2013.01.22"]

1. d4 Nf6 2. c4 g6 3. Nc3 Bg7 4. e4 d6 5. f3 O-O 6. Be3 Nbd7 7. Nh3 c6 8. Be2
a6 9. a4 e5 10. O-O Qe7 11. Re1 exd4 12. Bxd4 Ne5 13. Nf2 c5 14. Be3 Nc6 15.
Bf1 Be6 16. Nd5 Qd8 17. Bg5 Nd4 18. b4 Bxd5 19. cxd5 b6 20. Ng4 h5 21. Ne3 Qc7
22. Rc1 Nd7 23. Nc4 b5 24. Na5 Rfc8 25. Be3 Qd8 26. Nc6 Nxc6 27. dxc6 Ne5 28.
axb5 cxb4 29. Qd5 axb5 30. c7 Qe7 31. Qxb5 Rxc7 32. Qxb4 Rb7 33. Qd2 Rb2 34.
Rc2 Raa2 35. Rec1 h4 36. h3 Kh7 37. Rxb2 Rxb2 38. Rc2 Rxc2 39. Qxc2 Bh6 40. f4
Nd7 41. Be2 Nf6 42. Bf3 Nd5 43. Qd2 Nxe3 44. Qxe3 Qf6 45. e5 Bxf4 46. exf6
Bxe3+ 47. Kf1 Bd4 48. Ke2 Bxf6 49. Bd5 Kg7 50. Kd3 Be5 51. Kc4 f5 52. Kd3 Kf6
53. Kc4 Bh2 54. Kd4 Bg1+ 1/2-1/2

[Event "Tradewise Gibraltar Chess Festival 2013"]
[Site "Gibraltar ENG"]
[Date "2013.01.31"]
[Round "10.22"]
[White "Jakubiec, Artur"]
[Black "Docx, Stefan"]
[Result "1/2-1/2"]
[WhiteElo "2518"]
[BlackElo "2426"]
[PlyCount "141"]
[EventDate "2013.01.22"]
[EventType "swiss"]
[EventRounds "10"]
[EventCountry "ENG"]
[Source "lmi"]
[SourceDate "2013.01.22"]

1. e4 e5 2. Nf3 Nc6 3. Bc4 Bc5 4. d3 Nf6 5. Bb3 d6 6. c3 a6 7. Nbd2 Ba7 8. h3
O-O 9. Nf1 d5 10. Qe2 Be6 11. Bg5 dxe4 12. dxe4 Bxb3 13. axb3 h6 14. Bh4 Qd6
15. Ng3 Ne7 16. Bxf6 Qxf6 17. b4 Rfd8 18. O-O Ng6 19. Nh5 Qe7 20. Rfd1 c6 21.
Kf1 Nf8 22. Ng3 g6 23. Qc2 Kg7 24. Ne2 Nh7 25. Rxd8 Rxd8 26. Nc1 Nf6 27. Nb3
Qe6 28. c4 Bb6 29. Nc1 Bd4 30. Ne2 c5 31. Rd1 cxb4 32. Nexd4 exd4 33. e5 Nd7
34. Nxd4 Qe7 35. Qd2 Rc8 36. e6 Nf6 37. b3 fxe6 38. Re1 e5 39. f4 e4 40. f5 Qe5
41. fxg6 Kxg6 42. Nc2 a5 43. Ne3 Rc7 44. Kg1 Rd7 45. Qe2 h5 46. Rf1 Rd3 47. Nf5
Rxb3 48. Qd2 Qc5+ 49. Kh1 Qxf5 50. Rxf5 Kxf5 51. g4+ hxg4 52. hxg4+ Kxg4 53.
Qd8 Rf3 54. Qxa5 b3 55. Qe5 e3 56. Kg1 Rg3+ 57. Kf1 Nh5 58. Qe6+ Kh4 59. Qe4+
Kh3 60. Qf5+ Kh4 61. Qe4+ Kg5 62. Qe5+ Kg6 63. Qe8+ Kg5 64. Qe5+ Kg4 65. Qe6+
Kf3 66. Qd5+ Kg4 67. Qe6+ Kf4 68. Qd6+ Kf5 69. Qd5+ Kg6 70. Qe4+ Kg5 71. Qe5+
1/2-1/2

[Event "Tradewise Gibraltar Chess Festival 2013"]
[Site "Gibraltar ENG"]
[Date "2013.01.31"]
[Round "10.23"]
[White "Stefanova, Antoaneta"]
[Black "Kjartansson, Gudmundur"]
[Result "1-0"]
[WhiteElo "2516"]
[BlackElo "2408"]
[PlyCount "87"]
[EventDate "2013.01.22"]
[EventType "swiss"]
[EventRounds "10"]
[EventCountry "ENG"]
[Source "lmi"]
[SourceDate "2013.01.22"]

1. d4 Nf6 2. c4 c5 3. d5 e5 4. Nc3 d6 5. e4 Nbd7 6. g3 a6 7. a4 g6 8. Bg2 Bg7
9. Nge2 O-O 10. O-O Ne8 11. f4 f5 12. exf5 gxf5 13. Qc2 b6 14. Bh3 e4 15. Nd1
Rf7 16. Ne3 Nf8 17. Rb1 Bd7 18. b4 Qc7 19. Bd2 Bd4 20. Rfc1 Ng7 21. Qb3 Bf6 22.
bxc5 bxc5 23. Bc3 Bd8 24. Rb2 Qc8 25. Rcb1 Bc7 26. Qc2 Qd8 27. Rb7 Bc8 28. R7b3
h6 29. Qb2 Ne8 30. Kh1 Ra7 31. Qd2 Nh7 32. Nd4 cxd4 33. Qxd4 Qf6 34. Qxa7 Qg6
35. Qa8 Bd7 36. Qxa6 Qh5 37. Bg2 Ng5 38. Nf1 Nf3 39. Qa7 Bd8 40. Rb7 Bf6 41.
Rxd7 Rxd7 42. Qxd7 Bxc3 43. Rb8 Kf8 44. Qxd6+ 1-0

[Event "Tradewise Gibraltar Chess Festival 2013"]
[Site "Gibraltar ENG"]
[Date "2013.01.31"]
[Round "10.24"]
[White "Kanep, Meelis"]
[Black "Tania, Sachdev"]
[Result "1/2-1/2"]
[WhiteElo "2512"]
[BlackElo "2403"]
[PlyCount "71"]
[EventDate "2013.01.22"]
[EventType "swiss"]
[EventRounds "10"]
[EventCountry "ENG"]
[Source "lmi"]
[SourceDate "2013.01.22"]

1. Nf3 d5 2. d4 Nf6 3. c4 e6 4. Nc3 Be7 5. Bg5 h6 6. Bxf6 Bxf6 7. e3 O-O 8. Qc2
c5 9. dxc5 dxc4 10. Bxc4 Qa5 11. O-O Bxc3 12. Qxc3 Qxc5 13. b4 Qe7 14. Rac1 b6
15. Bd3 Na6 16. a3 Bb7 17. Ne5 Rac8 18. Qb3 Nb8 19. f4 Rfd8 20. Rxc8 Rxc8 21.
Rd1 Nc6 22. Nxc6 Bxc6 23. Ba6 Rd8 24. Be2 Rxd1+ 25. Bxd1 Qb7 26. Qb2 Qd7 27.
Be2 Bb5 28. Bxb5 Qxb5 29. Qd2 a5 30. bxa5 bxa5 31. Kf2 a4 32. Qd6 g6 33. Qd8+
Kg7 34. Qd4+ Kg8 35. Qd8+ Kg7 36. Qd4+ 1/2-1/2

[Event "Tradewise Gibraltar Chess Festival 2013"]
[Site "Gibraltar ENG"]
[Date "2013.01.31"]
[Round "10.25"]
[White "Swiercz, Dariusz"]
[Black "Kvisvik, Brede"]
[Result "1-0"]
[WhiteElo "2627"]
[BlackElo "2314"]
[PlyCount "135"]
[EventDate "2013.01.22"]
[EventType "swiss"]
[EventRounds "10"]
[EventCountry "ENG"]
[Source "lmi"]
[SourceDate "2013.01.22"]

1. c4 c5 2. Nc3 Nc6 3. Nf3 e5 4. g3 g6 5. Bg2 d6 6. O-O Bg7 7. a3 Nge7 8. Rb1
a5 9. Ne1 Be6 10. Nd5 Rb8 11. d3 b5 12. Bg5 h6 13. Nxe7 Nxe7 14. Bc6+ Bd7 15.
Bxe7 Kxe7 16. cxb5 Bxc6 17. bxc6 Qb6 18. Qa4 Rhc8 19. Nc2 Qb3 20. Qh4+ Bf6 21.
Qc4 Qxc4 22. dxc4 Rxc6 23. b4 cxb4 24. axb4 Rxc4 25. Ne3 Rcxb4 26. Nd5+ Ke6 27.
Nxb4 axb4 28. Rb3 d5 29. Ra1 Rb6 30. e3 d4 31. exd4 exd4 32. Rab1 Be7 33. Re1+
Kd7 34. Kf1 Ra6 35. Re5 Ra2 36. Rf3 f5 37. Rd3 Kd6 38. f4 Bf6 39. Rxd4+ Kc6 40.
Rc4+ Kd6 41. Rb5 Bc3 42. h4 h5 43. Rc8 Ra6 44. Ke2 Kd7 45. Rcc5 Re6+ 46. Kf3
Kd6 47. Rc8 Kd7 48. Rcb8 Rd6 49. Ke2 Rd2+ 50. Ke3 Rd6 51. R8b7+ Ke6 52. Rc7 Kf6
53. Rbb7 Ke6 54. Re7+ Kd5 55. Rec7 Ke6 56. Rc8 Be1 57. Kf3 Bc3 58. Ke2 Rd2+ 59.
Ke3 Rd6 60. Rbb8 Be1 61. Kf3 Bc3 62. Ke2 Kf6 63. Rc7 Ke6 64. Rg8 Rb6 65. Rxc3
Kf7 66. Rcc8 b3 67. Rcf8+ Ke7 68. Rb8 1-0

[Event "Tradewise Gibraltar Chess Festival 2013"]
[Site "Gibraltar ENG"]
[Date "2013.01.31"]
[Round "10.26"]
[White "David, Alberto"]
[Black "Aloma Vidal, Robert"]
[Result "1/2-1/2"]
[WhiteElo "2599"]
[BlackElo "2389"]
[PlyCount "58"]
[EventDate "2013.01.22"]
[EventType "swiss"]
[EventRounds "10"]
[EventCountry "ENG"]
[Source "lmi"]
[SourceDate "2013.01.22"]

1. f4 d5 2. g3 g6 3. Nf3 Bg7 4. Bg2 Nh6 5. e3 c5 6. O-O Nc6 7. d3 O-O 8. c3 Bf5
9. Qe2 Qc8 10. e4 dxe4 11. dxe4 Bh3 12. Na3 e5 13. f5 Bxg2 14. Kxg2 gxf5 15.
Bxh6 Bxh6 16. Nh4 fxe4 17. Nb5 Ne7 18. Rad1 f5 19. Qc4+ Kh8 20. Nd6 Qc6 21. Qe6
e3+ 22. Kg1 Bg7 23. Qxe7 e2 24. Nhxf5 Bf6 25. Nf7+ Kg8 26. N7h6+ Kh8 27. Nf7+
Kg8 28. N5h6+ Kg7 29. Nf5+ Kg8 1/2-1/2

[Event "Tradewise Gibraltar Chess Festival 2013"]
[Site "Gibraltar ENG"]
[Date "2013.01.31"]
[Round "10.27"]
[White "Kulaots, Kaido"]
[Black "Georgiadis, Nico"]
[Result "1-0"]
[WhiteElo "2587"]
[BlackElo "2369"]
[PlyCount "51"]
[EventDate "2013.01.22"]
[EventType "swiss"]
[EventRounds "10"]
[EventCountry "ENG"]
[Source "lmi"]
[SourceDate "2013.01.22"]

1. Nf3 c5 2. b3 Nc6 3. Bb2 d5 4. e3 a6 5. g3 Nf6 6. Bg2 Bf5 7. Nh4 Bg4 8. f3
Bd7 9. f4 e6 10. O-O Bd6 11. c4 dxc4 12. bxc4 Qc7 13. Nc3 O-O-O 14. Rb1 Na5 15.
Qe2 Bc6 16. Nf3 Rhg8 17. e4 Nd7 18. Nb5 axb5 19. cxb5 e5 20. fxe5 Nxe5 21. Nxe5
Be8 22. Ng4 f6 23. Ne3 Bf7 24. Bc3 Qb6 25. e5 Be7 26. Qg4+ 1-0

[Event "Tradewise Gibraltar Chess Festival 2013"]
[Site "Gibraltar ENG"]
[Date "2013.01.31"]
[Round "10.28"]
[White "Cmilyte, Viktorija"]
[Black "Fenollar Jorda, Manuel"]
[Result "1/2-1/2"]
[WhiteElo "2515"]
[BlackElo "2325"]
[PlyCount "97"]
[EventDate "2013.01.22"]
[EventType "swiss"]
[EventRounds "10"]
[EventCountry "ENG"]
[Source "lmi"]
[SourceDate "2013.01.22"]

1. d4 d5 2. c4 c6 3. Nf3 Nf6 4. e3 e6 5. b3 Nbd7 6. Bb2 Bd6 7. Bd3 Qe7 8. Ne5
Nxe5 9. dxe5 Bb4+ 10. Nd2 Nd7 11. O-O Ba3 12. Bxa3 Qxa3 13. f4 b6 14. Nf3 Ba6
15. cxd5 cxd5 16. Rc1 Nc5 17. Bxa6 Qxa6 18. Ng5 h6 19. Qh5 O-O 20. Rf3 Qe2 21.
Qh4 Nd3 22. Rcf1 Rac8 23. Nh3 Rc1 24. Rxc1 Nxc1 25. Qf2 Qxa2 26. Qxa2 Nxa2 27.
f5 exf5 28. Rxf5 Nc1 29. Nf4 Nxb3 30. Nxd5 Re8 31. Nc7 Rd8 32. Nb5 a6 33. Nd6
Rd7 34. Rf4 b5 35. Rb4 Nc5 36. Rb1 f6 37. Rc1 fxe5 38. Nxb5 Nd3 39. Rc8+ Kf7
40. Nc3 a5 41. Kf1 Ra7 42. Ke2 Nb4 43. Kf3 Ke6 44. Ke4 Kd7 45. Rg8 Kc6 46. Rc8+
Kd7 47. Rg8 Kc6 48. Rc8+ Kd7 49. Rg8 1/2-1/2

[Event "Tradewise Gibraltar Chess Festival 2013"]
[Site "Gibraltar ENG"]
[Date "2013.01.31"]
[Round "10.30"]
[White "Zatonskih, Anna"]
[Black "Gromovs, Sergejs"]
[Result "0-1"]
[WhiteElo "2491"]
[BlackElo "2001"]
[PlyCount "76"]
[EventDate "2013.01.22"]
[EventType "swiss"]
[EventRounds "10"]
[EventCountry "ENG"]
[Source "lmi"]
[SourceDate "2013.01.22"]

1. d4 Nf6 2. c4 g6 3. Nc3 Bg7 4. g3 O-O 5. Bg2 d6 6. Nf3 c6 7. O-O Nbd7 8. e4
e5 9. h3 Re8 10. d5 c5 11. Be3 a6 12. Nd2 Rb8 13. a3 Nh5 14. b4 b6 15. Rb1 Qe7
16. Rb3 Qf8 17. Bf3 Ndf6 18. Kg2 Bh6 19. bxc5 dxc5 20. Na4 Bxe3 21. fxe3 b5 22.
g4 Bd7 23. Nb2 Ng7 24. Be2 Qe7 25. cxb5 axb5 26. a4 bxa4 27. Rxb8 Rxb8 28. Nxa4
h5 29. Nc3 hxg4 30. hxg4 Nxg4 31. Bxg4 Qg5 32. Kh3 f5 33. exf5 gxf5 34. Nce4
Qxe3+ 35. Kg2 Rb6 36. Qf3 Qh6 37. Nxc5 Bc8 38. Ne6 Nxe6 0-1

[Event "Tradewise Gibraltar Chess Festival 2013"]
[Site "Gibraltar ENG"]
[Date "2013.01.31"]
[Round "10.31"]
[White "Montero Melendez, Rafael"]
[Black "Muzychuk, Mariya"]
[Result "0-1"]
[WhiteElo "2316"]
[BlackElo "2471"]
[PlyCount "108"]
[EventDate "2013.01.22"]
[EventType "swiss"]
[EventRounds "10"]
[EventCountry "ENG"]
[Source "lmi"]
[SourceDate "2013.01.22"]

1. c4 f5 2. g3 Nf6 3. Nc3 g6 4. Bg2 Bg7 5. d3 d6 6. e4 Nc6 7. Nge2 e5 8. O-O
fxe4 9. dxe4 Be6 10. Nd5 Qd7 11. Bg5 O-O 12. Qd2 Rf7 13. b4 Ne7 14. Rac1 b6 15.
Rfd1 Raf8 16. Nxf6+ Bxf6 17. Be3 Bg7 18. c5 Bg4 19. cxd6 cxd6 20. Rc2 Qa4 21.
Rb1 Qd7 22. Nc3 h5 23. Nd5 Nxd5 24. Qxd5 Be6 25. Qd3 Qa4 26. Rd2 Rd7 27. Qf1
Kh7 28. Bh3 Bxh3 29. Qxh3 Rdf7 30. Qe6 Rf6 31. Qb3 Qd7 32. Qd1 Bh6 33. Bxh6
Kxh6 34. Rb3 Qf7 35. Qe2 Kg7 36. Rc3 h4 37. Rdc2 Qe6 38. Rc7+ R8f7 39. Rxf7+
Rxf7 40. Qd1 Qd7 41. Rd2 Rf6 42. a4 Qf7 43. b5 Qe6 44. Rc2 Rf7 45. Rc3 Qa2 46.
f3 h3 47. Rc2 Qxa4 48. Rd2 Qxb5 49. Kf2 Qc5+ 50. Ke2 Qc4+ 51. Ke3 Rf6 52. f4
Qc5+ 53. Kf3 exf4 54. gxf4 Qe5 0-1

[Event "Tradewise Gibraltar Chess Festival 2013"]
[Site "Gibraltar ENG"]
[Date "2013.01.31"]
[Round "10.32"]
[White "Teran Alvarez, Ismael"]
[Black "Cernousek, Lukas"]
[Result "1/2-1/2"]
[WhiteElo "2399"]
[BlackElo "2453"]
[PlyCount "61"]
[EventDate "2013.01.22"]
[EventType "swiss"]
[EventRounds "10"]
[EventCountry "ENG"]
[Source "lmi"]
[SourceDate "2013.01.22"]

1. Nf3 Nf6 2. c4 g6 3. Nc3 d5 4. cxd5 Nxd5 5. e4 Nxc3 6. dxc3 Qxd1+ 7. Kxd1 f6
8. Be3 e5 9. Nd2 Be6 10. Bc4 Bxc4 11. Nxc4 Nd7 12. Kc2 Bc5 13. f3 Bxe3 14. Nxe3
O-O-O 15. Rad1 Nb6 16. Rxd8+ Rxd8 17. Rd1 Rxd1 18. Kxd1 Kd7 19. Kc2 Ke6 20. Kd3
h5 21. Nc4 Nxc4 22. Kxc4 Kd6 23. h4 g5 24. g3 gxh4 25. gxh4 c6 26. b4 b5+ 27.
Kd3 a6 28. a3 Ke6 29. c4 Kd6 30. c5+ Ke6 31. Ke3 1/2-1/2

[Event "Tradewise Gibraltar Chess Festival 2013"]
[Site "Gibraltar ENG"]
[Date "2013.01.31"]
[Round "10.33"]
[White "Janev, Pavel"]
[Black "Zhou, Yang-Fan"]
[Result "1-0"]
[WhiteElo "2126"]
[BlackElo "2439"]
[PlyCount "93"]
[EventDate "2013.01.22"]
[EventType "swiss"]
[EventRounds "10"]
[EventCountry "ENG"]
[Source "lmi"]
[SourceDate "2013.01.22"]

1. e4 c5 2. Nf3 Nc6 3. Bb5 g6 4. O-O Bg7 5. Bxc6 dxc6 6. d3 b6 7. a4 a5 8. Qe2
Nh6 9. Nbd2 e5 10. Nc4 f6 11. Ne1 O-O 12. f4 exf4 13. Bxf4 Nf7 14. Nf3 Be6 15.
Nfd2 Ra7 16. Kh1 Rb7 17. Rae1 Qd7 18. h3 Re8 19. Qf2 Qd8 20. b3 Bc8 21. Qg3
Rbe7 22. Nf3 Be6 23. h4 Rb7 24. Bd2 Qb8 25. Qxb8 Rexb8 26. Bc3 Nh6 27. Nfd2 Ng4
28. g3 Rf7 29. Nf3 Bf8 30. Nh2 Nxh2 31. Kxh2 Be7 32. Rf4 h5 33. Ref1 Kg7 34.
Ne5 Rbf8 35. Nxc6 Bd6 36. e5 fxe5 37. Bxe5+ Bxe5 38. Rxf7+ Rxf7 39. Rxf7+ Kxf7
40. Nxe5+ Kf6 41. Nc4 Bg4 42. Kg2 Ke6 43. Kf2 Bd1 44. Ne3 Bg4 45. Nxg4 hxg4 46.
Ke3 Kd5 47. Kf4 1-0

[Event "Tradewise Gibraltar Chess Festival 2013"]
[Site "Gibraltar ENG"]
[Date "2013.01.31"]
[Round "10.34"]
[White "Pinho, Paulo"]
[Black "Houska, Jovanka"]
[Result "0-1"]
[WhiteElo "2128"]
[BlackElo "2416"]
[PlyCount "56"]
[EventDate "2013.01.22"]
[EventType "swiss"]
[EventRounds "10"]
[EventCountry "ENG"]
[Source "lmi"]
[SourceDate "2013.01.22"]

1. d4 d5 2. c4 e6 3. Nf3 Nf6 4. g3 Bb4+ 5. Bd2 Bd6 6. Bg2 c6 7. Qc2 Nbd7 8. O-O
O-O 9. Rd1 Qe7 10. Bf4 Bxf4 11. gxf4 b6 12. b3 Bb7 13. Nbd2 c5 14. Qb2 Rfd8 15.
Rac1 h6 16. e3 cxd4 17. Nxd4 Nc5 18. N2f3 dxc4 19. Rxc4 Rac8 20. Qa3 a5 21.
Rcc1 Be4 22. Bf1 Nfd7 23. Bb5 e5 24. Bxd7 exd4 25. Bxc8 Bxf3 26. Rxd4 Rxc8 27.
b4 axb4 28. Qxb4 Qh4 0-1

[Event "Tradewise Gibraltar Chess Festival 2013"]
[Site "Gibraltar ENG"]
[Date "2013.01.31"]
[Round "10.35"]
[White "Jussupow, Artur"]
[Black "Kantorik, Marian"]
[Result "1/2-1/2"]
[WhiteElo "2611"]
[BlackElo "2331"]
[PlyCount "62"]
[EventDate "2013.01.22"]
[EventType "swiss"]
[EventRounds "10"]
[EventCountry "ENG"]
[Source "lmi"]
[SourceDate "2013.01.22"]

1. d4 Nf6 2. Nf3 e6 3. e3 b6 4. Bd3 Bb7 5. O-O Be7 6. c4 O-O 7. Nc3 c5 8. d5
exd5 9. cxd5 d6 10. e4 Nbd7 11. h3 a6 12. a4 Re8 13. Bf4 Bf8 14. Re1 Qc7 15.
Bc4 g6 16. Qd2 Bg7 17. Bh2 Ne5 18. Nxe5 dxe5 19. Rad1 Qd6 20. f4 Nd7 21. f5 h6
22. Rf1 Kh7 23. Qe2 Nf6 24. Rf2 g5 25. g4 Kg8 26. Kh1 Kh8 27. Bg3 h5 28. Rff1
h4 29. Bf2 Nd7 30. f6 Bxf6 31. Be1 Nf8 1/2-1/2

[Event "Tradewise Gibraltar Chess Festival 2013"]
[Site "Gibraltar ENG"]
[Date "2013.01.31"]
[Round "10.36"]
[White "Salem, A.R. Saleh"]
[Black "Vyparina, Matej"]
[Result "1-0"]
[WhiteElo "2538"]
[BlackElo "2305"]
[PlyCount "59"]
[EventDate "2013.01.22"]
[EventType "swiss"]
[EventRounds "10"]
[EventCountry "ENG"]
[Source "lmi"]
[SourceDate "2013.01.22"]

1. d4 Nf6 2. c4 c5 3. d5 d6 4. Nc3 g6 5. e4 Bg7 6. h3 O-O 7. Nf3 e6 8. Bg5 exd5
9. cxd5 h6 10. Be3 b6 11. a4 Ba6 12. Bb5 Qe7 13. Qd3 Bxb5 14. axb5 Ne8 15. O-O
Nc7 16. Ra4 a6 17. e5 axb5 18. exd6 Qxd6 19. Rxa8 Nxa8 20. Nxb5 Qd7 21. d6 Nc6
22. Rd1 Rd8 23. Bd2 Re8 24. Bc3 Re6 25. Ra1 Re8 26. Qd5 Rc8 27. Bxg7 Kxg7 28.
Ne5 Nxe5 29. Qxe5+ Kg8 30. Qe7 1-0

[Event "Tradewise Gibraltar Chess Festival 2013"]
[Site "Gibraltar ENG"]
[Date "2013.01.31"]
[Round "10.37"]
[White "Mastrovasilis, Athanasios"]
[Black "De Haan, Eric"]
[Result "1-0"]
[WhiteElo "2498"]
[BlackElo "2303"]
[PlyCount "55"]
[EventDate "2013.01.22"]
[EventType "swiss"]
[EventRounds "10"]
[EventCountry "ENG"]
[Source "lmi"]
[SourceDate "2013.01.22"]

1. d4 Nf6 2. c4 c5 3. d5 e6 4. Nc3 exd5 5. cxd5 d6 6. Nf3 g6 7. Bf4 a6 8. a4
Bg7 9. h3 O-O 10. e3 Re8 11. Be2 Bf5 12. Nd2 Ne4 13. Ndxe4 Bxe4 14. O-O g5 15.
Nxe4 gxf4 16. Bd3 f5 17. Nd2 fxe3 18. fxe3 Rxe3 19. Nc4 Rg3 20. Bxf5 Nd7 21.
Nxd6 Ne5 22. Ne4 Re3 23. Bxh7+ Kxh7 24. Qh5+ Kg8 25. Ng5 Bh6 26. Qxh6 Qe7 27.
Ne6 Rg3 28. Qf4 1-0

[Event "Tradewise Gibraltar Chess Festival 2013"]
[Site "Gibraltar ENG"]
[Date "2013.01.31"]
[Round "10.38"]
[White "Tischbierek, Raj"]
[Black "Palencia, Wilson"]
[Result "0-1"]
[WhiteElo "2472"]
[BlackElo "2282"]
[PlyCount "128"]
[EventDate "2013.01.22"]
[EventType "swiss"]
[EventRounds "10"]
[EventCountry "ENG"]
[Source "lmi"]
[SourceDate "2013.01.22"]

1. e4 d5 2. exd5 Qxd5 3. Nf3 Bg4 4. Be2 Nc6 5. Nc3 Qd7 6. h3 Bh5 7. d4 e6 8.
Be3 O-O-O 9. g4 Bg6 10. Bb5 f6 11. Qe2 Bb4 12. O-O-O Bxc3 13. bxc3 Nge7 14. c4
a6 15. Ba4 Qd6 16. c5 Qd5 17. c4 Qe4 18. Bc2 Qxc2+ 19. Qxc2 Bxc2 20. Kxc2 h5
21. g5 Nf5 22. Kc3 Rd7 23. Rd2 Rhd8 24. Rhd1 Nce7 25. Re1 Ng6 26. c6 bxc6 27.
Rb1 c5 28. Rdb2 Rf7 29. dxc5 Kd7 30. gxf6 gxf6 31. Rd1+ Ke8 32. Rxd8+ Kxd8 33.
c6 Nxe3 34. fxe3 Ke7 35. c5 e5 36. Rb8 Ke6 37. e4 Ne7 38. Re8 Rg7 39. Nh4 Rg8
40. Rxg8 Nxg8 41. Kb4 Ne7 42. Ka5 f5 43. Kxa6 fxe4 44. Kb7 Kd5 45. Kxc7 Kxc5
46. Kd7 Nxc6 47. Nf5 Nd4 48. Ne3 Nf3 49. a4 Nd2 50. a5 Nc4 51. Nc2 Nxa5 52. Ke6
Nc4 53. h4 Kc6 54. Nb4+ Kb5 55. Nc2 Kc5 56. Kf5 Kd5 57. Kg5 Ke6 58. Kxh5 Kf5
59. Kh6 e3 60. Kg7 e2 61. h5 Kg5 62. h6 Ne3 63. Nxe3 e1=Q 64. h7 Qxe3 0-1

[Event "Tradewise Gibraltar Chess Festival 2013"]
[Site "Gibraltar ENG"]
[Date "2013.01.31"]
[Round "10.39"]
[White "Poetsch, Hagen"]
[Black "Nuri, Kambez"]
[Result "1-0"]
[WhiteElo "2437"]
[BlackElo "2241"]
[PlyCount "81"]
[EventDate "2013.01.22"]
[EventType "swiss"]
[EventRounds "10"]
[EventCountry "ENG"]
[Source "lmi"]
[SourceDate "2013.01.22"]

1. e4 c5 2. Nf3 d6 3. d4 cxd4 4. Nxd4 Nf6 5. Nc3 Nc6 6. Bg5 e6 7. Qd2 a6 8.
O-O-O Bd7 9. f4 b5 10. Bxf6 gxf6 11. Kb1 b4 12. Nce2 Qb6 13. Nxc6 Bxc6 14. f5
e5 15. Ng3 h5 16. h4 Qc5 17. Qe2 Ke7 18. Nxh5 Bb5 19. Qg4 Bh6 20. Bd3 Rac8 21.
Qe2 Rhg8 22. Rh3 Rc6 23. Bxb5 axb5 24. a3 Ra8 25. Rd5 Qg1+ 26. Rd1 Qc5 27. Rd5
Qg1+ 28. Qd1 Qxg2 29. Rhd3 bxa3 30. bxa3 Rac8 31. Rxd6 Qxc2+ 32. Qxc2 Rxc2 33.
Rd7+ Kf8 34. Rd8+ Rxd8 35. Rxd8+ Ke7 36. Kxc2 Kxd8 37. Nxf6 Bf8 38. Kb3 Be7 39.
Ng4 Bxh4 40. Nxe5 f6 41. Nf3 1-0

[Event "Tradewise Gibraltar Chess Festival 2013"]
[Site "Gibraltar ENG"]
[Date "2013.01.31"]
[Round "10.40"]
[White "Tari, Aryan"]
[Black "Trent, Lawrence"]
[Result "1/2-1/2"]
[WhiteElo "2268"]
[BlackElo "2429"]
[PlyCount "53"]
[EventDate "2013.01.22"]
[EventType "swiss"]
[EventRounds "10"]
[EventCountry "ENG"]
[Source "lmi"]
[SourceDate "2013.01.22"]

1. e4 e5 2. Nf3 Nc6 3. Bc4 Nf6 4. Ng5 d5 5. exd5 Na5 6. Bb5+ Bd7 7. Qe2 Be7 8.
Nf3 c6 9. dxc6 bxc6 10. Bd3 O-O 11. O-O Bg4 12. Qxe5 Bxf3 13. gxf3 Bd6 14. Qg5
Re8 15. f4 Qc7 16. b4 Nb7 17. Bb2 Bxf4 18. Qh4 Ne4 19. Qg4 g6 20. Re1 Ng5 21.
Nc3 Bxh2+ 22. Kh1 Bf4 23. Ne2 Be5 24. Nc3 Bf4 25. Ne2 Be5 26. Nc3 Bf4 27. Ne2
1/2-1/2

[Event "Tradewise Gibraltar Chess Festival 2013"]
[Site "Gibraltar ENG"]
[Date "2013.01.31"]
[Round "10.41"]
[White "Telljohann, Sven"]
[Black "Dolzhikova, Olga"]
[Result "1/2-1/2"]
[WhiteElo "2423"]
[BlackElo "2239"]
[PlyCount "96"]
[EventDate "2013.01.22"]
[EventType "swiss"]
[EventRounds "10"]
[EventCountry "ENG"]
[Source "lmi"]
[SourceDate "2013.01.22"]

1. Nf3 Nf6 2. g3 d5 3. Bg2 c6 4. O-O Bg4 5. d3 Nbd7 6. c4 e6 7. b3 Bd6 8. Bb2
O-O 9. h3 Bh5 10. Nc3 Qe7 11. Rb1 h6 12. Qc2 Rfd8 13. Rbe1 Rac8 14. Qb1 a6 15.
cxd5 cxd5 16. Rc1 Ba3 17. Rc2 Bxb2 18. Qxb2 Bxf3 19. Bxf3 Ne5 20. Bg2 Nc6 21.
Rfc1 Qd6 22. Na4 Ne7 23. Nc5 Rc7 24. d4 Nd7 25. e3 Nxc5 26. dxc5 Qc6 27. b4
Rdc8 28. Bf1 Qa4 29. Rc3 Nc6 30. Ra3 Qxb4 31. Rb3 Qa4 32. Rxb7 Rxb7 33. Qxb7
Rb8 34. Qc7 Rb2 35. Qc8+ Kh7 36. Bd3+ g6 37. Qxa6 Qxa6 38. Bxa6 Rxa2 39. Bb7
Na5 40. c6 Nxb7 41. cxb7 Rb2 42. Rc7 Kg7 43. Kf1 e5 44. Ke1 d4 45. exd4 exd4
46. Kd1 d3 47. Kc1 Rb3 48. Kd2 g5 1/2-1/2

[Event "Tradewise Gibraltar Chess Festival 2013"]
[Site "Gibraltar ENG"]
[Date "2013.01.31"]
[Round "10.43"]
[White "Spence, David J"]
[Black "Roser, Kevin"]
[Result "1/2-1/2"]
[WhiteElo "2226"]
[BlackElo "2409"]
[PlyCount "61"]
[EventDate "2013.01.22"]
[EventType "swiss"]
[EventRounds "10"]
[EventCountry "ENG"]
[Source "lmi"]
[SourceDate "2013.01.22"]

1. e4 c5 2. c3 Nf6 3. e5 Nd5 4. d4 cxd4 5. Nf3 e6 6. cxd4 d6 7. Bc4 Be7 8. O-O
O-O 9. Qe2 b6 10. Nbd2 Bb7 11. Ne4 dxe5 12. dxe5 Nd7 13. Bd2 Rc8 14. Rac1 Nc5
15. Nxc5 Rxc5 16. a3 a5 17. Bd3 Rxc1 18. Rxc1 Qb8 19. Bb1 Rd8 20. Ng5 Bxg5 21.
Bxg5 Rc8 22. Rxc8+ Qxc8 23. Qc2 Qxc2 24. Bxc2 f6 25. exf6 gxf6 26. Bd2 f5 27.
Bb3 Kf7 28. Bxd5 Bxd5 29. Be3 b5 30. Bd2 a4 31. f4 1/2-1/2

[Event "Tradewise Gibraltar Chess Festival 2013"]
[Site "Gibraltar ENG"]
[Date "2013.01.31"]
[Round "10.44"]
[White "Lederman, Leon"]
[Black "Arakhamia-Grant, Ketevan"]
[Result "0-1"]
[WhiteElo "2239"]
[BlackElo "2405"]
[PlyCount "126"]
[EventDate "2013.01.22"]
[EventType "swiss"]
[EventRounds "10"]
[EventCountry "ENG"]
[Source "lmi"]
[SourceDate "2013.01.22"]

1. e4 Nf6 2. e5 Nd5 3. d4 d6 4. Nf3 dxe5 5. Nxe5 c6 6. Qf3 Be6 7. Bd2 Qb6 8.
Bc3 Nxc3 9. Qxc3 Nd7 10. Bc4 Bxc4 11. Nxc4 Qc7 12. O-O e6 13. Nbd2 Be7 14. Nf3
O-O 15. Rad1 Rad8 16. Rfe1 Nf6 17. Nce5 Nd5 18. Qb3 Qb6 19. Qxb6 axb6 20. c4
Nc7 21. Re3 Ra8 22. a3 b5 23. Rb3 Ra7 24. Rc1 Rd8 25. Kf1 Ra6 26. Ke2 g5 27. g4
Kg7 28. h3 Ra4 29. cxb5 Nxb5 30. Rxb5 cxb5 31. Rc7 Re8 32. Rxb7 b4 33. Nc6 bxa3
34. bxa3 Bf6 35. h4 h6 36. hxg5 hxg5 37. Nfe5 Bxe5 38. Nxe5 Rf8 39. Nd7 Rfa8
40. Nc5 Rxa3 41. Nxe6+ Kg6 42. Nc5 Re8+ 43. Kf1 Rf3 44. d5 Re5 45. Rd7 Rc3 46.
Rd6+ Kg7 47. Nd7 Re4 48. Nf6 Rc1+ 49. Kg2 Rd4 50. Ra6 Rcd1 51. Nh5+ Kf8 52.
Ra8+ Ke7 53. Ra7+ Kd6 54. Nf6 Rf4 55. Rxf7 Rd2 56. Ne8+ Ke5 57. Rxf4 Kxf4 58.
Nf6 Rd1 59. Kh3 Kf3 60. Kh2 Rd4 61. Kh3 Rf4 62. Nd7 Kxf2 63. d6 Rf7 0-1